| 000 | nam a22 a 4500 | ||
|---|---|---|---|
| 999 |
_c161672 _d161672 |
||
| 003 | BLK | ||
| 005 | 20230518163324.0 | ||
| 008 | 180410b bul|||||r ||||||| ||bul|| | ||
| 010 | _aKNG00169016000 | ||
| 040 | _aBLK | ||
| 041 |
_aBUL _cBUL |
||
| 072 | 7 |
_2bullib _aК _xКраезнание |
|
| 080 |
_aИзбори. - Плебисцити. Народно гласуване. Референдуми. Изборна борба. Резултати от избори. Вж и 342. 8 _b324 _x(497.215) _z324(497.215) |
||
| 080 |
_aИзбори. - Плебисцити. Народно гласуване. Референдуми. Изборна борба. Резултати от избори. Вж и 342. 8 _b324 _x(497.215) _z342.8(497.215) |
||
| 110 |
_9310275 _aОбщина Русе |
||
| 139 |
_aОбщина Русе _bО 25 |
||
| 245 | 1 | 0 |
_aСписък на избирателите мъже и жени в гр. Русе за 1940 год. _bІХ район |
| 257 | _aBGR | ||
| 260 |
_c[1940] _aРусе |
||
| 300 |
_a38 с. _c32 см |
||
| 380 | _a3 | ||
| 650 | 4 |
_aИзбори - България _9247738 |
|
| 651 | 4 |
_aРусе _9179462 |
|
| 653 | 0 |
_aизбирателни списъци _9389488 |
|
| 653 | _aизбиратели | ||
| 659 | _aК | ||
| 852 | _aІІ 3465 | ||
| 852 | _aК 34/С 57 | ||
| 856 | 4 |
_qpdf _i0.00 _lreg users access _fСписък на избирателите мъже и жени в гр. Русе за 1940 год. ІХ район _uhttp://185.138.176.146:18082/cgi-bin/koha/opac-retrieve-file.pl?id=a08ffd239dd51c209866e5a4d1c6bd26 _xebook _zСписък на избирателите мъже и жени в гр. Русе за 1940 год. ІХ район |
|
| 856 | 4 |
_qpdf _i0.00 _ldisable |
|
| 942 |
_cKNG _n0 _s1 |
||
| 944 |
_aCR _c18.12.2014 _l18.12.2014 - от С1,Р / 18.12.2014 _kВаля_Йорданова |
||
| 944 |
_aED _c18.12.2014 _l18.12.2014 - от С1,Р / 18.12.2014 |
||
| 999 | _d161672 | ||
| 999 | _d161672 | ||
| 999 | _d161672 | ||
| 999 | _d161672 | ||